Normal view
MARC view
- Mirza. C
Entry Personal Name
001 - CONTROL NUMBER
- control field: 420
003 - CONTROL NUMBER IDENTIFIER
- control field: OSt
005 - DATE AND TIME OF LATEST TRANSACTION
- control field: 20160914082103.0
008 - FIXED-LENGTH DATA ELEMENTS
- fixed length control field: 160914|| aca||aabn | a|a d
040 ## - CATALOGING SOURCE
- Original cataloging agency: OSt
100 ## - HEADING--PERSONAL NAME
- Personal name: Mirza. C